000 00444nam a2200169Ia 4500
003 GCL
008 140319s9999 xx 000 0 eng d
040 _aGCL /
_cGCL
082 0 4 _a746.92
_bL C
100 1 _aLAVER, JOHN
245 1 0 _aCOSTUME AND FASHION A COMCISE HISTORY /
_cLAVER, JOHN
700 1 _aLAVER, JAMES
260 _a[S.N] :
_bTHAMES AND HUDSON ،
_c1995
300 _a296 P
650 0 4 _aCOSTUMES AND FASHION
942 _2ddc
_cBK
999 _c25527
_d25527